[Event "Wuerzburg op"]
[Site "Wuerzburg"]
[Date "1994.??.??"]
[Round "2"]
[White "Arbakov, Valentin"]
[Black "Trabert, Bettina"]
[Result "1-0"]
[WhiteElo "2575"]
[BlackElo "2245"]

1.c4 c6 2.d4 d5 3.Nf3 e6 4.Nbd2 Nf6 5.g3 Be7 6.Bg2 O-O 7.O-O b6 8.Qc2 Bb7
9.e4 Na6 10.a3 c5 11.exd5 exd5 12.cxd5 Bxd5 13.dxc5 Nxc5 14.b4 Ne6 15.Bb2 Rc8
16.Qf5 g6 17.Qe5 Qc7 18.Rfc1 Qxe5 19.Nxe5 Rfd8 20.Bxd5 Rxc1+ 21.Rxc1 Nxd5
22.Nc6 Rd7 23.Nxe7+ Nxe7 24.Ne4 Nd5 25.Nf6+ Nxf6 26.Bxf6 Rc7 27.Rd1 Kf8 28.Be5 Rb7
29.Rc1 Rd7 30.Bf6 Rc7 31.Rd1 Ke8 32.h4 h5 33.Kg2 Rd7 34.Ra1 Rd3 35.a4 Kd7
36.b5 Nc5 37.Re1 Ne6 38.Ra1 Kc8 39.a5 bxa5 40.Rxa5 Kb7 41.f4 Rd5 42.Be5 Nc5
43.Ra3 Kb6 44.Kf3 f5 45.Ke3 Rd7 46.Bb8 Kxb5 47.Bxa7 Ne4 48.Bd4 Nxg3 49.Rb3+ Kc4
50.Rc3+ Kd5 51.Rc5+ Ke6 52.Rc6+ Rd6 53.Rc7 Rd7 54.Rc8 Kd5 55.Be5 Re7 56.Rd8+ Ke6
57.Rd6+ Kf7 58.Rf6+ Kg7 59.Rxf5+ Kh7 60.Rf8 Nf5+ 61.Ke4 Ng7 62.Rb8 Ra7 63.Kd5 Rd7+
64.Kc6 Rf7 65.Rc8 Ra7 66.Rf8 Re7 67.Bd4 Re6+ 68.Kd7 Re4 69.Be5 Ra4 70.Kc6 Ra7
71.Bd4 Re7 72.Ra8 Rf7 73.Be5 Re7 74.Rf8 Ra7 75.Bf6 Ra6+ 76.Kb5 Ra7 77.Kc6 Ra6+
78.Kb7 Re6 79.Rf7 Kg8 80.Rxg7+ Kf8 81.Be5 Ke8  1-0

[Event "Zalakaros op"]
[Site "Zalakaros"]
[Date "1994.??.??"]
[Round "2"]
[White "Banas, Jan"]
[Black "Saidov, Beqali"]
[Result "1-0"]
[WhiteElo "2390"]
[BlackElo "2360"]

1.c4 c6 2.e4 d5 3.exd5 cxd5 4.d4 Nf6 5.Nc3 Nc6 6.Bg5 dxc4 7.d5 Ne5 8.Qd4 Nd3+
9.Bxd3 cxd3 10.Nf3 h6 11.Bxf6 exf6 12.O-O-O Bd6 13.Rhe1+ Kf8 14.Qxd3 g6 15.Nd4 Bg4
16.f3 Bd7 17.g3 Qb6 18.Ne6+ Kg8 19.f4 Rc8 20.Kb1 Bb4 21.Rc1 Kh7 22.Nd4 a5
23.Ka1 Rhe8 24.f5 g5 25.Re6 Qd8 26.Rxe8 Bxe8 27.Nde2 Qd6 28.Rd1 Bd7 29.h3 Qe5
30.g4 Re8 31.a3 Bd6 32.Nd4 Qe3 33.Nc2 Qxd3 34.Rxd3 Be5 35.Nd4 Rd8 36.Kb1 Rc8
37.Nf3 Bf4 38.d6 Rc6 39.Nd5 Kg7 40.Nxf4 gxf4 41.b3 Rc5 42.Kb2 Kf8 43.Rd4 Ke8
44.b4 axb4 45.axb4 Re5 46.Nxe5 fxe5 47.Rd5 f6 48.b5 Kd8 49.Kc3 b6 50.Kd2 Bc8
51.d7 Bxd7 52.Rd6 e4 53.Rd4 f3 54.Ke3 Kc7 55.Rxe4 Bxb5 56.Re6 Be2 57.Rxf6 b5
58.Re6 b4 59.Re4 b3 60.Rb4 Bd1 61.f6 Kd6 62.Rd4+ Ke6 63.Rxd1  1-0

[Event "Zuerich op"]
[Site "Zuerich"]
[Date "1994.??.??"]
[Round "?"]
[White "Haas, Carmi"]
[Black "Kelecevic, Nedeljko"]
[Result "0-1"]
[WhiteElo "2220"]
[BlackElo "2460"]

1.c4 c6 2.Nf3 d5 3.b3 Bf5 4.d3 e6 5.Bb2 h6 6.Nbd2 Nf6 7.g3 Bc5 8.Bg2 O-O
9.O-O Nbd7 10.a3 a5 11.Bc3 Qe7 12.Qc1 Bd6 13.Re1 Bh7 14.Qb2 e5 15.cxd5 cxd5
16.d4 e4 17.Ne5 Nb6 18.f3 Rfc8 19.e3 exf3 20.Bxf3 Nbd7 21.Ra2 b5 22.Nxd7 Qxd7
23.Qa1 Ra6 24.e4 dxe4 25.Bxe4 Nxe4 26.Nxe4 Bxe4 27.Rxe4 Rac6 28.Bd2 b4 29.axb4 Bxb4
30.Re1 Qd5 31.Bxb4 axb4 32.Qd1 Rc3 33.Rd2 Rxb3 34.Re5 Qc4 35.d5 Rc3 36.d6 Rc1
37.d7 Rxd1+ 38.Rxd1 Kh7 39.dxc8=Q Qxc8 40.Re2 Qg4 41.Rdd2 b3 42.Kg2 h5 43.h4 Qb4
44.Kh2 Qc3 45.Rd5 Qf3 46.Red2 Qc3 47.Rxh5+ Kg6 48.Rg5+ Kh6 49.Rf2 Qb4 50.Rxf7 b2
51.Rf1 Qe4 52.Rg1 b1=Q 53.Rxb1 Qc2+ 54.Kg1 Qxb1+ 55.Kf2 Qe4 56.Kf1 Qe3 57.Kg2 Qe2+
58.Kh3 g6 59.Ra5 Kg7 60.Rg5 Kf6 61.Ra5 Qe4 62.Rg5 Qh1+ 63.Kg4 Qg2 64.Ra5 Qe4+
65.Kh3 Qh1+ 66.Kg4 Qd1+  0-1

[Event "Zuerich op"]
[Site "Zuerich"]
[Date "1994.??.??"]
[Round "?"]
[White "Ballmann, Martin"]
[Black "Fabbri, Mario"]
[Result "1-0"]
[WhiteElo "2335"]
[BlackElo "2225"]

1.c4 c6 2.d4 d5 3.cxd5 cxd5 4.Nf3 Nf6 5.Nc3 Nc6 6.Ne5 e6 7.f4 Bb4 8.Qa4 Qa5
9.Qxa5 Bxa5 10.e3 Nxe5 11.fxe5 Ne4 12.Bd2 Nxd2 13.Kxd2 f6 14.exf6 gxf6 15.a3 a6
16.Bd3 f5 17.h3 O-O 18.Raf1 Bd7 19.g4 fxg4 20.hxg4 Rxf1 21.Rxf1 Kg7 22.b4 Bc7
23.Bxh7 Rh8 24.Bd3 Rh2+ 25.Ne2 e5 26.Rc1 Bd6 27.dxe5 Bxe5 28.g5 Bd6 29.g6 d4
30.Rf1 dxe3+ 31.Kxe3 Rh3+ 32.Kd4 Be6 33.Nf4 Rh4 34.Ke3 Bd7 35.Nh5+ Rxh5 36.Rf7+ Kg8
37.Rxd7 Bf8 38.Rxb7 a5 39.bxa5 Rxa5 40.Bc4+  1-0

[Event "Tyneside International"]
[Site "Newcastle"]
[Date "1995.05.28"]
[Round "5"]
[White "Ledger, Andrew"]
[Black "O'Cinneide, Mel"]
[Result "1-0"]
[WhiteElo "2410"]
[BlackElo "2280"]

1.c4 c6 2.e4 d5 3.cxd5 cxd5 4.exd5 Nf6 5.Bb5+ Bd7 6.Bc4 Qc7 7.d3 b5 8.Bb3 Na6
9.Nc3 Qe5+ 10.Be3 Nb4 11.Nf3 Qf5 12.Nd4 Nxd3+ 13.Kf1 Nxb2 14.Qe2 Qd3 15.Ndxb5 Rc8
16.Qxd3 Nxd3 17.Ke2 Nb4 18.Rhc1 Nbxd5 19.Nxd5 Bxb5+ 20.Kf3 Rxc1 21.Rxc1 Nxd5
22.Bxd5 Kd7 23.Bf4 e6 24.Rc7+ Kd8 25.Bb3 Be7 26.a4 Bd7 27.Rxa7 Bc6+ 28.Ke2 Re8
29.a5 e5 30.Be3 f5 31.Bb6+  1-0

[Event "London SCCU op"]
[Site "London"]
[Date "1995.08.??"]
[Round "3"]
[White "Martin, Benjamin"]
[Black "Dive, Russell John"]
[Result "0-1"]
[WhiteElo "2360"]
[BlackElo "2315"]

1.c4 c6 2.d4 d5 3.Nf3 Nf6 4.Nc3 a6 5.e3 Bg4 6.Qb3 Bc8 7.cxd5 cxd5 8.Bd3 e6
9.Ne5 Be7 10.O-O O-O 11.Bd2 Nfd7 12.f4 g6 13.Rac1 Kg7 14.Nxd7 Nxd7 15.Ne2 b5
16.a4 bxa4 17.Qxa4 Nb6 18.Qb3 Qd6 19.Rc5 Bd7 20.Ba5 Rfb8 21.Qc2 Rb7 22.b3 Qb8
23.Rc3 Bb5 24.Nc1 Bd6 25.Na2 Qf8 26.Qe2 Nd7 27.Rfc1 Nf6 28.Bxb5 Rxb5 29.b4 Ne4
30.Rc6 Qb8 31.h3 h5 32.Bc7 Bxc7 33.Rxc7 Qe8 34.R7c6 Qb8 35.R1c2 Rb6 36.Rc7 a5
37.bxa5 Rxa5 38.Kh2 Qd8 39.Qe1 Ra8 40.Nc1 Rb1 41.g4 hxg4 42.hxg4 g5 43.Kg2 gxf4
44.Qh1 f3+ 45.Kxf3 Qf6+ 46.Kg2 Rh8  0-1

[Event "Aalborg op"]
[Site "Aalborg"]
[Date "1995.??.??"]
[Round "4"]
[White "Holmsgaard, Henrik"]
[Black "Christiansen, Jens Jorgen"]
[Result "1/2-1/2"]
[WhiteElo "2295"]
[BlackElo "2225"]

1.c4 c6 2.d4 d5 3.Nf3 Nf6 4.Nc3 a6 5.cxd5 cxd5 6.Bf4 Nc6 7.Ne5 Qb6 8.Nxc6 bxc6
9.Qd2 e6 10.a3 Bd7 11.e3 c5 12.dxc5 Bxc5 13.Be5 Be7 14.Be2 O-O 15.O-O Rfd8
16.b4 Ne8 17.Rfc1 Nd6 18.Bd4  1/2-1/2

[Event "Cseppko op"]
[Site "Aggtelek"]
[Date "1995.??.??"]
[Round "?"]
[White "Gacso, Tibor"]
[Black "Molnar, B."]
[Result "1/2-1/2"]
[WhiteElo "2230"]
[BlackElo "2365"]

1.c4 c6 2.d4 Nf6 3.Nc3 d5 4.cxd5 cxd5 5.Bf4 Nc6 6.e3 a6 7.Bd3 Bg4 8.Nge2 e6
9.Rc1 Bd6 10.Bxd6 Qxd6 11.O-O O-O 12.f3 Bh5 13.Nf4 Bg6 14.Nxg6 hxg6 15.f4 Rfc8
16.Na4 Nd7 17.Qd2 Nb4 18.Bb1 b5 19.Nc5 Nc6 20.Nxd7 Qxd7 21.Rc5 Ne7 22.Rfc1 Rxc5
23.Rxc5 Rc8 24.Qc3 Rxc5 25.Qxc5 Qc6 26.Qxe7 Qc1+ 27.Kf2 Qxb2+ 28.Kg3 Qxb1
29.Qd8+ Kh7 30.Qh4+  1/2-1/2

[Event "Cseppko op"]
[Site "Aggtelek"]
[Date "1995.??.??"]
[Round "?"]
[White "Bako, Viktor"]
[Black "Szep, Attila"]
[Result "0-1"]
[WhiteElo "2245"]
[BlackElo "2060"]

1.c4 c6 2.Nf3 d5 3.d4 Bf5 4.Nc3 e6 5.Bf4 Bd6 6.Bxd6 Qxd6 7.Qb3 b6 8.cxd5 exd5
9.Rc1 Nd7 10.e3 Ne7 11.Na4 O-O 12.Ba6 Rab8 13.O-O Qc7 14.Bd3 Bxd3 15.Qxd3 Qd6
16.Qa6 Qc7 17.b4 Rfc8 18.Rc2 Qb7 19.Qd3 a5 20.bxa5 b5 21.Nc5 Nxc5 22.Rxc5 Qa7
23.Rfc1 Qxa5 24.Qb3 Qa8 25.Ne5 f6 26.Nd3 Kf8 27.Nb4 Ke8 28.e4 Qb7 29.h3 Qd7
30.Re1 Kf8 31.e5 Qe6 32.Qc3 f5 33.Nd3 g5 34.h4 h6 35.Qd2 f4 36.Rc2 Qg4 37.hxg5 f3
38.g3 hxg5 39.Qd1 Nf5 40.e6 Nxg3 41.fxg3 Qxg3+ 42.Kf1 Ke7 43.Ne5 Rh8 44.Nxf3 Rbf8
45.Rf2 g4 46.Qd3 Rxf3  0-1

[Event "Donner mem op"]
[Site "Amsterdam"]
[Date "1995.??.??"]
[Round "2"]
[White "Kalinin, Alexander"]
[Black "Komarov, Dimitri"]
[Result "1/2-1/2"]
[WhiteElo "2365"]
[BlackElo "2575"]

1.c4 c6 2.Nf3 d5 3.e3 Nf6 4.Nc3 Nbd7 5.d4 e6 6.Bd3 dxc4 7.Bxc4 b5 8.Bd3 a6
9.e4 c5 10.e5 cxd4 11.Nxb5 axb5 12.exf6 gxf6 13.O-O Qb6 14.Be4 Bb7 15.Bxb7 Qxb7
16.Nxd4 Bc5 17.Qf3 Qxf3 18.Nxf3 Nb6 19.Be3 Bxe3 20.fxe3  1/2-1/2

[Event "Donner mem op"]
[Site "Amsterdam"]
[Date "1995.??.??"]
[Round "8"]
[White "Hodgson, Julian M"]
[Black "De Boer, Gert Jan"]
[Result "1-0"]
[WhiteElo "2590"]
[BlackElo "2425"]

1.c4 c6 2.Nf3 d5 3.d4 Nf6 4.e3 Bf5 5.Nc3 e6 6.Nh4 Bg4 7.Qb3 Qb6 8.h3 Bh5
9.g4 Bg6 10.Nxg6 hxg6 11.Bg2 Qxb3 12.axb3 Nbd7 13.Bd2 a6 14.g5 Nh5 15.Ne2 Bd6
16.h4 O-O 17.f4 f5 18.Kf2 Kf7 19.Nc1 Rfe8 20.Nd3 Rac8 21.Rhc1 Rb8 22.Bf3 Rh8
23.Ra4 Rhc8 24.Bb4 Bxb4 25.Nxb4 Nb6 26.Ra5 Nd7 27.Nd3 Ke7 28.Raa1 Kd6 29.b4 dxc4
30.Rxc4 Ke7 31.Rc3 Kd6 32.Rac1 Rc7 33.R1c2 Rf8 34.b3 Ke7 35.Ra2 Kd6 36.Ra5 Rf7
37.Be2 Rf8 38.Nb2 Rcc8 39.Nc4+ Ke7 40.Ra1 Rc7 41.Rac1 Rb8 42.Nd2 Ra8 43.R3c2 Rcc8
44.b5 axb5 45.Bxb5 Ra5 46.Be2 Rca8 47.b4 Ra2 48.Bc4 Rxc2 49.Rxc2 Ra4 50.Rb2 Nb6
51.Ba2 Kd6 52.Nf3 Nd7 53.Bc4 Ke7 54.Be2 Ra3 55.Ne5 Nxe5 56.dxe5 Rc3 57.b5 c5
58.Ra2 b6 59.Ra7+ Kf8 60.Rb7 Rc2 61.Rxb6 Ng3 62.Kxg3 Rxe2 63.Kf3 Rb2 64.Rxe6 Kf7
65.Rb6 c4 66.Rc6 Rxb5 67.Rxc4 Rb2 68.Rc7+ Kf8 69.h5 gxh5 70.g6 Rb6 71.Rf7+ Kg8
72.Rxf5 Rxg6 73.Rxh5 Ra6 74.Rh1 Kf7 75.Rb1 Ra7 76.Rb6 g6 77.Kg4 Ra1 78.Rb7+ Ke6
79.Rg7 Rg1+ 80.Kf3 Kf5 81.e4+ Ke6 82.Rxg6+ Rxg6 83.f5+ Kxe5 84.fxg6 Kf6 85.Kf4 Kxg6
86.e5  1-0

[Event "Ankara zt"]
[Site "Ankara"]
[Date "1995.??.??"]
[Round "7"]
[White "Anastasian, Ashot"]
[Black "Matulovic, Milan"]
[Result "1-0"]
[WhiteElo "2530"]
[BlackElo "2445"]

1.c4 c6 2.Nf3 Nf6 3.Nc3 d5 4.d4 dxc4 5.a4 Bf5 6.e3 e6 7.Bxc4 Bb4 8.O-O Nbd7
9.Qb3 a5 10.h3 O-O 11.Nh4 Nb6 12.Be2 Ne4 13.Nxf5 exf5 14.Rd1 Re8 15.Bd2 Nxd2
16.Rxd2 Rc8 17.Rad1 Rc7 18.d5 Rd7 19.Qc2 Bxc3 20.bxc3 Rxd5 21.Rxd5 cxd5 22.Qxf5 Qc7
23.Bb5 g6 24.Qd3 Re7 25.g3 h5 26.Kg2 Qe5 27.Qd4 Qe4+ 28.Kh2 Qxd4 29.cxd4 Rc7
30.g4 hxg4 31.hxg4 Rc2 32.Kg3 Ra2 33.Rb1 Nc8 34.f3 Nd6 35.Kf4 f6 36.g5 Kf7
37.e4 dxe4 38.fxe4 fxg5+ 39.Ke5 Ke7 40.Kd5 g4 41.Bd3 Ra3 42.e5 Rxd3 43.exd6+ Kd8
44.Rxb7 g3 45.Rg7 Rc3 46.Rxg6 Kd7 47.Rg8 Rf3 48.Rg7+ Kd8 49.Kc6 Rc3+ 50.Kb6 Rd3
51.d5 Kc8 52.Kc6 Rc3+ 53.Kb6 Kd8 54.d7 g2 55.Rxg2 Kxd7 56.Rg5 Kd6 57.Kxa5 Rb3
58.Ka6 Rb8 59.a5 Rb1 60.Ka7 Rb5 61.a6 Rb1 62.Ka8 Kc7 63.Rg7+ Kc8 64.d6 Rb6
65.Rc7+ Kd8 66.a7 Rxd6 67.Kb7  1-0

[Event "Ankara zt"]
[Site "Ankara"]
[Date "1995.??.??"]
[Round "8"]
[White "Bagaturov, Giorgi"]
[Black "Supatashvili, Khvicha"]
[Result "1/2-1/2"]
[WhiteElo "2460"]
[BlackElo "2450"]

1.c4 c6 2.e4 d5 3.exd5 cxd5 4.d4 Nf6 5.Nc3 e6 6.Nf3 Bb4 7.Bd3 O-O 8.cxd5 exd5
9.Ne5 Qc7 10.Qb3 Bxc3+ 11.bxc3 Nc6 12.Nxc6 Qxc6 13.O-O Be6 14.f3 Rfc8 15.Bd2 Ne8
16.Rab1 Nd6 17.Bf4 b6 18.Bxd6 Qxd6 19.f4 f6 20.Qc2 h6 21.Qd2 Qd7 22.Rbe1 Re8
23.Qb2 Qc7 24.Bb1 Qf7 25.Qd2  1/2-1/2

[Event "Antwerp op"]
[Site "Antwerp"]
[Date "1995.??.??"]
[Round "3"]
[White "Claesen, Pieter"]
[Black "Wapner, Jonathan"]
[Result "1-0"]
[WhiteElo "2390"]
[BlackElo "2195"]

1.c4 c6 2.e4 d5 3.cxd5 cxd5 4.exd5 Nf6 5.Nf3 Nxd5 6.Nc3 Nc6 7.d4 e6 8.Bd3 Be7
9.O-O O-O 10.Re1 Nf6 11.a3 b6 12.Bg5 Bb7 13.Bc2 Rc8 14.Qd3 g6 15.Rad1 a6
16.Bb3 Na5 17.Ba2 b5 18.Ne5 Nd5 19.Bh6 Re8 20.Ne4 f5 21.Nc5 Bxc5 22.dxc5 Rxc5
23.b4 Qh4 24.Bd2 Rc4 25.bxa5 Nf4 26.Bxf4 Rxf4 27.Qg3  1-0

[Event "ARG-ch"]
[Site "?"]
[Date "1995.??.??"]
[Round "9"]
[White "Panno, Oscar"]
[Black "Tempone, Marcelo"]
[Result "1/2-1/2"]
[WhiteElo "2510"]
[BlackElo "2435"]

1.c4 c6 2.e4 d5 3.cxd5 cxd5 4.exd5 Nf6 5.Qa4+ Nbd7 6.Nc3 g6 7.Nf3 Bg7 8.Qb3 O-O
9.Bc4 Nb6 10.d3 Bg4 11.Ne5 Bf5 12.O-O Rc8 13.Re1 Ne8 14.Bf4 Nd6 15.h3 Nd7
16.Nxd7 Qxd7 17.a4 Nxc4 18.dxc4 Bd3 19.Qa3 Qf5 20.Bg3 Bxc4 21.Qxe7  1/2-1/2

[Event "Asti op"]
[Site "Asti"]
[Date "1995.??.??"]
[Round "4"]
[White "Csom, Istvan"]
[Black "Godena, Michele"]
[Result "1/2-1/2"]
[WhiteElo "2455"]
[BlackElo "2420"]

1.c4 c6 2.d4 d5 3.cxd5 cxd5 4.Nc3 Nf6 5.Bf4 Nc6 6.e3 a6 7.Bd3 Bg4 8.f3 Bd7
9.Rc1 e6 10.Nge2 Nh5 11.Bg3 Rc8 12.Kf2 Be7 13.Bb1 Na5 14.Qd3  1/2-1/2

[Event "Asti op"]
[Site "Asti"]
[Date "1995.??.??"]
[Round "7"]
[White "Csom, Istvan"]
[Black "Sulava, Nenad"]
[Result "1/2-1/2"]
[WhiteElo "2455"]
[BlackElo "2390"]

1.c4 c6 2.Nf3 d5 3.e3 Bg4 4.Qb3 Qc7 5.cxd5 Bxf3 6.gxf3 cxd5 7.Bb5+ Nd7 8.Nc3 e6
9.d4 Ne7 10.Bd2 Nc6 11.Rc1 a6  1/2-1/2

[Event "AUT-chT2S 9495"]
[Site "?"]
[Date "1995.??.??"]
[Round "3"]
[White "Tschurl, M."]
[Black "Figler, D."]
[Result "1/2-1/2"]
[WhiteElo "1940"]
[BlackElo "2095"]

1.c4 c6 2.e4 d5 3.exd5 cxd5 4.d4 e6 5.Nc3 Nf6 6.Nf3 Be7 7.cxd5 Nxd5 8.Bd3 Nc6
9.O-O Nf6 10.Re1 O-O 11.a3 Qa5 12.Bc2 Rd8 13.Qd3 Qh5 14.Ne2 Qa5 15.Bf4 Qa6
16.Qd1 Nd5 17.Bg3 Bf6 18.Ne5 Bxe5 19.Bxe5 f6 20.Bg3 Nce7 21.Nc3 Qc4 22.Rc1 Nxc3
23.bxc3 Ng6 24.Qh5 Nf8 25.Qd1 Bd7 26.Bb3 Qa6 27.a4 Kh8 28.Re3  1/2-1/2

[Event "AUT-chT2S 9596"]
[Site "AUT"]
[Date "1995.??.??"]
[Round "?"]
[White "Kwatschewsky, Leo"]
[Black "Tabernig, Bernhard"]
[Result "1/2-1/2"]
[WhiteElo "2280"]
[BlackElo "2275"]

1.c4 c6 2.e4 d5 3.exd5 cxd5 4.d4 Nf6 5.Nc3 Nc6 6.Bg5 dxc4 7.d5 Ne5 8.Bxc4 Nxc4
9.Qa4+ Bd7 10.Qxc4 Qb6 11.Nf3 Rc8 12.Qb3 Qxb3 13.axb3 a6 14.O-O e6 15.Rad1  1/2-1/2

[Event "AUT-chT2O 9596"]
[Site "AUT"]
[Date "1995.??.??"]
[Round "1"]
[White "Banas, Jan"]
[Black "Haba, Petr"]
[Result "1/2-1/2"]
[WhiteElo "2370"]
[BlackElo "2455"]

1.c4 c6 2.e4 d5 3.exd5 cxd5 4.d4 Nf6 5.Nc3 e6 6.Nf3 Bb4 7.cxd5 Nxd5 8.Bd2 Nc6
9.Bd3 Nf6 10.O-O O-O 11.Bg5 Be7 12.Re1 b6 13.a3 Bb7 14.Bc2 Rc8 15.Qd3 g6
16.Rad1 Nd5 17.Bh6 Re8 18.Ba4 a6 19.Ne4 b5 20.Bb3 Na5 21.Ba2 Nc4 22.Qe2 Nde3
23.Bxe3 Bxe4 24.Bc1 Bd5 25.Ne5 Nb6 26.Bb1 Bg5 27.Bxg5 Qxg5 28.f4 Qe7 29.Qf2 Nc4  1/2-1/2

[Event "AUT-chT2O 9596"]
[Site "AUT"]
[Date "1995.??.??"]
[Round "5"]
[White "Rotstein, Arkadij"]
[Black "Haba, Petr"]
[Result "0-1"]
[WhiteElo "2445"]
[BlackElo "2455"]

1.c4 c6 2.b3 d5 3.Bb2 Bf5 4.Nf3 e6 5.e3 Nf6 6.Nc3 Bd6 7.Be2 O-O 8.Nh4 Bg6
9.Nxg6 hxg6 10.O-O a6 11.Bf3 Nbd7 12.d4 b5 13.e4 Nxe4 14.Bxe4 dxe4 15.Qe2 f5
16.f3 Qc7 17.fxe4 Bxh2+ 18.Kh1 b4 19.Nd1 Bg3 20.e5 Qd8 21.Nf2 Qh4+ 22.Nh3 g5
23.Rf3 g4 24.Rxg3 Qxg3 25.Qf2 Qxf2 26.Nxf2 Kf7 27.g3 Rh8+ 28.Kg2 Rh5 29.Rd1 Rah8
30.Bc1 c5 31.dxc5 Nxe5 32.Bf4 Rh2+ 33.Kf1 Rh1+ 34.Nxh1 Rxh1+ 35.Ke2 Rxd1
36.Kxd1 Nc6 37.Ke2 e5 38.Bc1 Kf6 39.Bd2 g5 40.Be1 f4 41.Bd2 Kf5 42.Bc1 e4
43.Bb2 e3 44.a3 Ke4 45.axb4 Nxb4 46.Bc3 f3+  0-1

[Event "AUT-chT2O 9596"]
[Site "AUT"]
[Date "1995.??.??"]
[Round "6"]
[White "Denk, Adolf"]
[Black "Kargl, Kurt"]
[Result "1-0"]
[WhiteElo "2265"]
[BlackElo "2285"]

1.c4 c6 2.e4 d5 3.exd5 cxd5 4.d4 Nf6 5.Nc3 e6 6.Nf3 Be7 7.cxd5 Nxd5 8.Bd3 Nc6
9.O-O O-O 10.a3 Nxc3 11.bxc3 Qc7 12.Rb1 b6 13.Ng5 Bxg5 14.Bxg5 h6 15.Bd2 e5
16.d5 Na5 17.Qa4 f5 18.Rfc1 Bd7 19.Qb4 Nb7 20.c4 Nc5 21.Bf1 Rae8 22.Bc3 Rf7
23.Re1 Rfe7 24.Rbd1 Qd6 25.Ba1 Ba4 26.Rb1 Bc2 27.Rb2 Ba4 28.Qc3 Bd7 29.Rbb1 Qg6
30.Qd2 Ne4 31.Qe2 Qd6 32.Rb3 Nc5 33.Rc3 Bc8 34.Qc2 Bd7 35.Rg3 Ne4 36.Rge3 Nc5
37.Qc3 Ne4 38.Qb2 Qg6 39.f3 Ng5 40.f4 Ne4 41.fxe5 Rxe5 42.Qxe5 Rxe5 43.Bxe5 b5
44.c5 Nxc5 45.Rg3 Qe8 46.Rxg7+ Kf8 47.Bd6+  1-0

[Event "Baku Cup"]
[Site "Baku"]
[Date "1995.??.??"]
[Round "?"]
[White "Kacheishvili, Giorgi"]
[Black "Joussifov, Nariman"]
[Result "1-0"]
[WhiteElo "2440"]
[BlackElo "2270"]

1.c4 c6 2.d4 d5 3.Bf4 dxc4 4.e3 b5 5.a4 Bb7 6.axb5 cxb5 7.b3 e6 8.bxc4 Bb4+
9.Nd2 Bxd2+ 10.Qxd2 bxc4 11.Nf3 Ne7 12.Bxc4 Bxf3 13.gxf3 O-O 14.O-O Nbc6
15.Rfd1 Qd7 16.Bg3 Nf5 17.Bd3 Nxg3 18.hxg3 Ne7 19.Ra6 Rfc8 20.Rda1 Rc7 21.Kg2 Ng6
22.Be4 Rac8 23.Qa5 f5 24.Bb1 Rc6 25.Rxa7 Qd6 26.Ra8 Ne7 27.Rxc8+ Rxc8 28.Ba2 Kf7
29.Rb1 Rc6 30.Rb7 Kf6 31.f4 Ra6 32.Qe5+ Qxe5 33.fxe5+ Kf7 34.Bc4 Ra5 35.f4 Ra4
36.Bb3 Ra5 37.g4 g6 38.gxf5 gxf5 39.e4  1-0

[Event "Balatonbereny"]
[Site "Balatonbereny"]
[Date "1995.??.??"]
[Round "4"]
[White "Landa, Konstantin"]
[Black "Kallai, Gabor"]
[Result "1/2-1/2"]
[WhiteElo "2515"]
[BlackElo "2490"]

1.c4 c6 2.d4 d5 3.Nf3 Nf6 4.Nc3 e6 5.Bg5 h6 6.Bxf6 Qxf6 7.e3 Nd7 8.Bd3 Qd8
9.O-O Be7 10.Qe2 O-O 11.a3 dxc4 12.Bxc4 b5 13.Bd3 a6 14.b4 a5 15.Qb2 Bb7
16.Rfd1 Nf6 17.e4 axb4 18.axb4 Rxa1 19.Rxa1 e5 20.dxe5 Qxd3 21.Rd1 Qc4 22.exf6 Bxf6
23.e5 Be7 24.Rd4 Qe6 25.Ne4 c5 26.bxc5 Bxe4 27.Rxe4 Qd5 28.Re3 Qxc5 29.h4 b4
30.Qb3 Qc1+ 31.Kh2 Bc5 32.Re4 Qc3 33.Qxc3 bxc3 34.Rc4 Bxf2  1/2-1/2

[Event "Oberliga Bayern9596"]
[Site "Bayern"]
[Date "1995.??.??"]
[Round "?"]
[White "De Francesco, Klaus"]
[Black "Bus, Mariusz"]
[Result "0-1"]
[WhiteElo "2280"]
[BlackElo "2380"]

1.c4 c6 2.d4 d5 3.e3 Nf6 4.Nc3 g6 5.cxd5 cxd5 6.Nf3 Bg7 7.Bd3 O-O 8.O-O Nc6
9.Bd2 Bf5 10.Bxf5 gxf5 11.Na4 Ne4 12.Rc1 Qd6 13.Qe2 f4 14.exf4 Nxd4 15.Nxd4 Bxd4
16.Be3 Bg7 17.Rfd1 Rfc8 18.Rxc8+ Rxc8 19.Qd3 d4 20.Qe2 Rd8 21.f3 d3 22.Qe1 Qc6
23.b3 b5 24.fxe4 bxa4 25.Bxa7 axb3 26.axb3 Qb7 27.Bf2 Qxb3 28.e5 f6 29.Rb1 Qd5
30.exf6 Bxf6 31.Qe3 Qa2 32.Rd1 Qb3 33.Qf3 Kh8 34.h3 Qc2 35.Kh2 d2 36.Be3 Bc3
37.Qe2 Qe4 38.Kg1 Rd3 39.Kf2 Rxe3  0-1

[Event "Oberliga Bayern9596"]
[Site "Bayern"]
[Date "1995.??.??"]
[Round "?"]
[White "Schwarz, Michael"]
[Black "Boehm, Uwe"]
[Result "1-0"]
[WhiteElo "2410"]
[BlackElo "2265"]

1.c4 c6 2.Nf3 d5 3.d4 Nf6 4.Qc2 dxc4 5.Qxc4 Bf5 6.Nc3 e6 7.g3 Be7 8.Bg2 O-O
9.O-O Nbd7 10.Re1 Ne4 11.e3 h6 12.Nd2 Nb6 13.Qb3 Nxd2 14.Bxd2 Bg6 15.Rac1 Rb8
16.Ne2 Nd7 17.e4 e5 18.Be3 Qa5 19.Red1 Bh5 20.f3 exd4 21.Nxd4 Bg5 22.Bxg5 Qxg5
23.Nf5 Qd8 24.Kh1 Qc7 25.Rd6 Kh7 26.Qc3 f6 27.Qd4 Nb6 28.Rd1 Bg6 29.Nh4 Bf7
30.b3 Rbe8 31.Bh3 Re5 32.Bf5+ Kg8 33.f4 Re7 34.Qc5 Rfe8 35.Ng6 Rxe4 36.Bxe4 Rxe4
37.Rd8+ Re8 38.Rxe8+ Bxe8 39.Qf8+ Kh7 40.Qxe8 Nd5 41.Nf8+  1-0

[Event "Regionalliga SO9495"]
[Site "Bayern"]
[Date "1995.??.??"]
[Round "5"]
[White "Gschwendtner, Stanislav"]
[Black "Moser, Wolfgang"]
[Result "0-1"]
[WhiteElo "2010"]
[BlackElo "2140"]

1.c4 c6 2.Nf3 d5 3.g3 Nf6 4.b3 g6 5.Bb2 Bg7 6.Bg2 O-O 7.d3 Nbd7 8.Nbd2 Re8
9.Ne5 Nxe5 10.Bxe5 Nh5 11.Bxg7 Nxg7 12.O-O e5 13.cxd5 cxd5 14.Rc1 Be6 15.Qc2 Rc8
16.Qb2 Qd6 17.e3 Bg4 18.e4 d4 19.Nc4 Qe7 20.h3 Bd7 21.f4 f6 22.fxe5 fxe5
23.a4 Rf8 24.Qd2 b6 25.Kh2 Rce8 26.Rxf8+ Rxf8 27.Rf1 Rxf1 28.Bxf1 Qf6 29.Bg2 Ne6
30.h4 Kg7 31.Bh3 Nc5 32.b4 Nxe4 33.Qg2 Bxh3 34.Qxe4 Bf5 35.Qb7+ Qf7 36.Qxf7+ Kxf7
37.Nxe5+ Ke6 38.Nc6 Bxd3 39.Nxa7 Bc2 40.a5 bxa5 41.bxa5 d3 42.Nb5 d2 43.Nd4+ Kd7  0-1

[Event "Regionalliga NO9495"]
[Site "Bayern"]
[Date "1995.??.??"]
[Round "7"]
[White "Kotissek, Ulrich"]
[Black "Heumann, Joerg"]
[Result "0-1"]
[WhiteElo "1880"]
[BlackElo "1930"]

1.c4 c6 2.Nf3 d5 3.cxd5 cxd5 4.d4 Nf6 5.Bf4 Nc6 6.e3 a6 7.Bd3 Bg4 8.Nc3 e6
9.h3 Bh5 10.O-O Bd6 11.Bxd6 Qxd6 12.Rc1 O-O 13.a3 Rac8 14.b4 e5 15.dxe5 Nxe5
16.Be2 Nc4 17.a4 Qxb4 18.Nxd5 Nxd5 19.Qxd5 Bxf3 20.gxf3 Na5 21.Rb1 Qc3 22.Kh2 Rfd8
23.Qg5 h6 24.Qg4 Rc6 25.f4 Rg6 26.Qh5 Nb3 27.Rg1 Rd2 28.f5 Rxg1 29.Rxg1 Qf6
30.Qg4 Nc5 31.Rg2 b6 32.Qf4 Rxe2  0-1

[Event "Regionalliga NW9495"]
[Site "Bayern"]
[Date "1995.??.??"]
[Round "8"]
[White "Reichenbacher, Gerhard"]
[Black "Bebersdorf, Claus"]
[Result "1-0"]
[WhiteElo "1855"]
[BlackElo "2035"]

1.c4 c6 2.d4 d5 3.Nf3 Nf6 4.Nc3 e6 5.Bg5 Nbd7 6.cxd5 cxd5 7.e3 Be7 8.Bd3 O-O
9.O-O Re8 10.Rc1 a6 11.Qe2 Nf8 12.Rfd1 Ng6 13.Ne5 Nd7 14.Bxg6 hxg6 15.Bxe7 Qxe7
16.e4 Nf6 17.Nd3 dxe4 18.Nxe4 Nd5 19.Qf3 Bd7 20.Qg3 Rec8 21.Ng5 Be8 22.Qh4 Nf6
23.Ne5 Qd8 24.Rc3 Rxc3 25.bxc3 Qa5 26.Rd3 Qxa2 27.g4 Qb1+ 28.Kg2 Bc6+ 29.d5 Bxd5+
30.Rxd5 exd5 31.Nexf7 Kf8 32.Qh8+ Ng8 33.Ne5 Re8 34.Nh7+ Ke7 35.Qxg7+ Kd6
36.Qd7+ Kc5  1-0

[Event "Regionalliga NO9495"]
[Site "Bayern"]
[Date "1995.??.??"]
[Round "8"]
[White "Weigert, Wilhelm"]
[Black "Blank, Helmut"]
[Result "1-0"]
[WhiteElo "1930"]
[BlackElo "1965"]

1.c4 c6 2.e4 d5 3.cxd5 cxd5 4.exd5 Nf6 5.Bb5+ Nbd7 6.Nc3 g6 7.Nf3 Bg7 8.O-O O-O
9.d4 Nb6 10.Re1 a6 11.Bd3 Nbxd5 12.Ne5 b5 13.Ne4 Nxe4 14.Bxe4 e6 15.Bd2 Bb7
16.Rc1 Rc8 17.Qe2 Qd6 18.Bf3 Rxc1 19.Rxc1 Rc8 20.Rxc8+ Bxc8 21.h4 Ne7 22.Qe4 Bxe5
23.Qxe5 Qxe5 24.dxe5 Nd5 25.Kf1 f5 26.Ke2 Kf7 27.Kd3 Ke7 28.Kd4 Kd7 29.Kc5 h5
30.g3 Bb7 31.Bd1 Nc7 32.Ba5 Nd5 33.Bc2 Ba8 34.Bd3 Bb7 35.b3 Bc6 36.Bd2 Bb7
37.a4 bxa4 38.bxa4 Kc7 39.a5 Kd7 40.Bc1 Kc7 41.Bb2 Ne7 42.Bc4 Nd5 43.Bd4 Kd7
44.Bd3 Kc7 45.Bc2 Bc6 46.Bb3 Kd7 47.Bb2 Kc7 48.Ba3 Kd7 49.Kd4 Kc7 50.Bd6+ Kd7
51.Kc5 Nc3 52.Bxe6+ Kxe6 53.Kxc6 Ne4 54.f3 Nxg3 55.Kb6 g5 56.Kxa6 gxh4 57.Kb6 h3
58.a6 h2 59.a7 h1=Q 60.a8=Q Qb1+ 61.Kc6 Qc2+ 62.Bc5 Kxe5 63.Qb8+ Kf6 64.Qd6+ Kf7
65.Qxg3 Kf6 66.Qh4+ Kg6 67.Qd4 Qe2 68.Qd6+ Kg5 69.Qg3+ Kf6 70.Bd4+ Kf7 71.Qg7+ Ke8
72.Qg8+ Ke7 73.Qh7+ Ke8 74.Qd7+ Kf8 75.Qxf5+ Kg8 76.Qg6+ Kf8 77.Bc5+  1-0

[Event "Lee Cup"]
[Site "Beijing"]
[Date "1995.??.??"]
[Round "5"]
[White "Alterman, Boris"]
[Black "Ye Rongguang"]
[Result "1/2-1/2"]
[WhiteElo "2595"]
[BlackElo "2505"]

1.c4 c6 2.Nc3 d5 3.d4 Nf6 4.e3 a6 5.Qc2 b5 6.b3 Bg4 7.Nge2 Nbd7 8.h3 Bh5
9.Nf4 Bg6 10.Nxg6 hxg6 11.Be2 e6 12.O-O Bd6 13.e4 b4 14.exd5 bxc3 15.dxc6 Nb8
16.Bf3 Qc7 17.d5 O-O 18.b4 exd5 19.cxd5 Bxb4 20.Rb1 Bd6 21.Be3  1/2-1/2

[Event "Benasque"]
[Site "Benasque"]
[Date "1995.??.??"]
[Round "2"]
[White "Lalic, Bogdan"]
[Black "Komarov, Dimitri"]
[Result "1/2-1/2"]
[WhiteElo "2590"]
[BlackElo "2575"]

1.c4 c6 2.e4 d5 3.exd5 cxd5 4.d4 Nf6 5.Nc3 Nc6 6.Bg5 Be6 7.Bxf6 exf6 8.c5 a6
9.a3 b6 10.b4 Be7 11.Nf3 O-O 12.Na4 bxc5 13.dxc5 d4 14.Be2 Bf5 15.Nh4 Be6
16.Nf3 Bf5 17.Nh4 Be6  1/2-1/2